Plenitud de vida: valores
Salvato in:
| Autori principali: | , |
|---|---|
| Natura: | Libro |
| Lingua: | spagnolo |
| Pubblicazione: |
Buenos Aires
San Pablo
2011
|
| Edizione: | 1a. ed |
| Serie: | Para Educadores, 4
|
| Soggetti: | |
| Tags: |
Aggiungi Tag
Nessun Tag, puoi essere il primo ad aggiungerne!!
|
MARC
| LEADER | 00000cam a2200000 a 4500 | ||
|---|---|---|---|
| 001 | UCF8912 | ||
| 003 | CL-VaPUC | ||
| 008 | 131011e20110000ag |||||||||||||||||spa|d | ||
| 020 | |a 9789870901105 | ||
| 082 | 0 | 4 | |a 370.114 |b ALT |2 21 |
| 100 | 0 | |a Altamirano Herrera, Aníbal |e author |9 571025 | |
| 700 | 0 | |a Cruz Herrera, Magdalena T |e author |9 571026 | |
| 245 | 1 | 0 | |a Plenitud de vida: valores |
| 250 | |a 1a. ed | ||
| 300 | |a 168 p | ||
| 942 | |c BK | ||
| 945 | |d 20131011 10:45:00 |a dcastane | ||
| 260 | |a Buenos Aires |b San Pablo |c 2011 | ||
| 650 | 0 | |a Valores |9 309628 | |
| 650 | 0 | |a Educación moral |9 308319 | |
| 650 | 0 | |a Vida espiritual |9 307811 | |
| 583 | |a last modification |c 20131011 10:45:00 |k Rodrigo Vera | ||
| 490 | 0 | |a Para Educadores, 4 | |
| 999 | |c 353412 |d 353410 | ||
| 952 | |0 0 |1 0 |3 erb |4 0 |6 370_114000000000000_ALT_2011 |7 0 |8 A |9 458621 |a BIBTEO |b BIBTEO |d 2019-11-23 |i 501655K |o 370.114 ALT 2011 |p 501655K |r 2025-01-17 |w 2019-11-23 |y BK |z Catalogado en:20131011 |k ICR | ||